000 00632nam a2200229Ia 4500
005 20241129115538.0
008 241129s9999||||xx |||||||||||||| ||und||
020 _a9780821868935
037 _aTB
040 _aSDCL
_beng
_cSDCL
041 _aeng
_2eng
084 _aB316 R4
_qSDCL
100 _aMcCleary John
_9448095
245 0 _aFirst course in topology : Continuity and dimension
260 _aNew Delhi
_bAmerican Mathematical Society
_c2024
300 _axii,211p.
365 _aINR
_b0
490 _aStudent mathematical library
650 _aGift
942 _cTB
_hB316 R4
999 _c1230920
_d1230920